Visualizzazione normale
Vista MARC
- García de la Borbolla García de Paredes, Ángeles
di Personal Name
Records bibliografici associati: 2
001 - CONTROL NUMBER
- control field: 28736
003 - CONTROL NUMBER IDENTIFIER
- control field: IT-RoINE
005 - DATE AND TIME OF LATEST TRANSACTION
- control field: 20161214102823.0
008 - FIXED-LENGTH DATA ELEMENTS
- fixed length control field: 161214|| aca||aabn | a|a d
040 ## - CATALOGING SOURCE
- Original cataloging agency: IT-RoINE
- Transcribing agency: IT-RoINE
100 ## - HEADING--PERSONAL NAME
- Personal name: García de la Borbolla García de Paredes, Ángeles
670 ## - SOURCE DATA FOUND
- Source citation: Work cat.: (IT-RoINE)0: La imagen del obispo hispano en la Edad Media, 2004